000
00353nam a2200157Ia 4500
001
18691
008
140407s9999 xx 000 0 und d
020
_a
0-564-05933-1
040
_c
PK-LaUMT
082
_a
220
_b
BIB
245
_a
Good news bible
260
_a
Collins:
_b
The Bible Societies,
_c
1976
300
_a
363 p.
546
_a
EN
942
_c
BK
999
_c
19081
_d
19081